000 00252nam a22001217a 4500
008 171127b xxu||||| |||| 00| 0 eng d
041 _aeng
080 _28 ED
_a54
100 _a12
101 _aKIM
245 _aCHEMISTRY
_cHURLWY.M
942 _2udc
_cBK
999 _c38560
_d38560